ITZY Quiz (Are you a real Midzy?) - Statistics

General Stats
  • This quiz has been taken 173 times
    168 since last reset
  • The average score is 44 of 68
Answer Stats
Question Answer % Correct
Which one is Itzy's official fandom name? Midzy
98%
Itzy is under what entertainment? JYP
96%
Which one is Itzy's lightstick?
95%
Who is Yeji?
95%
Who is Ryujin?
95%
Who is Chaeryeong?
95%
Who is Yuna?
95%
Who is Lia?
94%
Who is the sister of Chaeyeon (ex IZ*ONE)? Chaeryeong
88%
Which member looks like Hyunjin from Stray Kids? Yeji
87%
What is Lia's English name? Julia
85%
Who was in a hiatus for 10 months? Lia
84%
What's Yuna's last name? Shin
83%
Who is the leader? Yeji
82%
Which one is Itzy's official greeting? All in us! Hello, we are ITZY!
81%
Which member used to live in Canada? Lia
80%
Who is the tallest member? Yuna
79%
Who is the maknae? Yuna
79%
Who is the visual of Itzy? Yuna
78%
Who is the main vocalist? Lia
75%
Which one is from Wannabe era?
74%
Who is the main rapper? Ryujin
74%
What is Lia's birth name? Jisu
73%
Which member sang the OST "Blue Flower"? Lia
73%
Guess the iconic line "Addractive" Yeji
73%
When is Ryujin's birthday? 17 April 2001
72%
Who was casted by JYPE at a GOT7 fanmeeting? Ryujin
72%
When is Yeji's birthday? 26 May 2000
69%
Who is the center of Itzy Ryujin
69%
Guess the iconic line "Hello I'm Itzy from (says her name)" Ryujin
69%
When is Lia's birthday? 21 July 2000
68%
Who received vocal training at Dream Vocal Academy? Lia
68%
Guess the iconic line "Cucumbers tastes like electricity" Lia
67%
When is Yuna's birthday? 9 December 2003
66%
Which album did they debut? IT'z Different
66%
Who are the main dancers? Yeji-Chaeryeong
66%
What song did they release on 29 July 2019? Icy
65%
What does Midzy mean? to trust
65%
Which one is from Loco era?
63%
Who has been a participant in the survival show "Sixteen"? Chaeryeong
63%
Guess the iconic line "English is about confidence" Yeji
63%
When is Chaeryeong's birthday? 5 June 2001
61%
Guess the iconic line "Yo my name is Curry B" Yuna
61%
Wannabe is in what album? IT'z Me
60%
Who did Junho call her secret weapon? Yeji
60%
Which one is Itzy's represent color? Magenta
59%
How many wins did Itzy get on it's debut song? 9 wins
56%
Who appeared in the movie The King? Ryujin
54%
Who ranked 1 inYG's Mixnine? Ryujin
53%
Guess the iconic line "Are you laughing at me?" Chaeryeong
51%
How many songs are in Guess Who album? 6 songs
50%
Who was Jimin's pair in Bts Love Yourself Reel? Ryujin
50%
Which one is from Untouchable era?
48%
Who used to play floorball for about four years? Yuna
48%
Who is a former SM Entertainment trainee? Lia
47%
Whic Itzy member is a brand ambassador for Roger Vivier? Yeji
47%
Who was paired with Jungkook in Bts Love Yourself Reel? Yuna
47%
Who was a part of KYW Dance School and uploaded some dance covers? Chaeryeong
46%
Who was a contestant on K-pop Star 3? Chaeryeong
44%
What survival show has Yeji been on? The Fan
37%
Who auditioned for Fantagio in 2012, but didn’t make it? Chaeryeong
34%
Which member got casted at a 2015 Music Festival? Yuna
33%
How long did Itzytake to achieve first win on a music show? 9 days
31%
Which date did they debut? 11 February 2019
27%
Which one isn't a Lia's nickname? Chocolate Lia
27%
Who made a cameo in episode 8 Twenty Again? Yeji
26%
Which member's hometown is Seoul, South Korea? Ryujin
21%
Which Itzy song has the most music show wins? Icy
20%
No matching quizzes found
Score Distribution
Percent of People with Each Score
Percentile by Number Answered
Your Score History
You have not taken this quiz since the last reset